Equidad y transformación productiva : (Registro nro. 8621)

Detalles MARC
000 -LEADER
fixed length control field 01576nam a2200229Ia 4500
003 - CONTROL NUMBER IDENTIFIER
control field OSt
005 - DATE AND TIME OF LATEST TRANSACTION
control field 20211025161948.0
008 - FIXED-LENGTH DATA ELEMENTS--GENERAL INFORMATION
fixed length control field 210310s1992 cl ad fr 000 0 spa d
040 ## - CATALOGING SOURCE
Original cataloging agency CO-JMCR
Transcribing agency CO-JMCR
041 0# - LANGUAGE CODE
Language code of text/sound track or separate title spa
082 04 - DEWEY DECIMAL CLASSIFICATION NUMBER
Classification number 338.9 /
Item number C733e
Edition number 23
110 2# - MAIN ENTRY--CORPORATE NAME
Corporate name or jurisdiction name as entry element Comisión Económica para América Latina y el Caribe CEPAL
9 (RLIN) 2893
245 10 - TITLE STATEMENT
Title Equidad y transformación productiva :
Remainder of title un enfoque integrado /
Statement of responsibility, etc. Comisión Económica para América Latina y el Caribe
260 ## - PUBLICATION, DISTRIBUTION, ETC.
Place of publication, distribution, etc. Santiago de Chile :
Name of publisher, distributor, etc. Cepal : Naciones Unidas,
Date of publication, distribution, etc. 1992
300 ## - PHYSICAL DESCRIPTION
Extent 252 páginas :
Other physical details ilustraciones y gráficas a blanco y negro ;
Dimensions 27 cm.
500 ## - GENERAL NOTE
General note Incluye notas a pie de página.
505 0# - FORMATTED CONTENTS NOTE
Formatted contents note Una sola tarea: el enfoque integrado -- Ejes centrales del enfoque integrado -- Dos características básicas del planteamiento -- Principales aspectos de las políticas para el enfoque integrado -- Factores que condicionan en enfoque integrado -- La tarea es factible -- Los rezagos en materia de equidad -- El panorama internacional -- La estabilización económica -- Fortalecimiento de las finanzas públicas -- Progreso técnico y competitividad internacional -- Ingreso y productividad del trabajo -- Ahorro y productividad del capital -- La inversión en recursos humanos -- Seguridad social y políticas de transferencias -- Participación, transformación productiva y equidad
650 14 - SUBJECT ADDED ENTRY--TOPICAL TERM
Topical term or geographic name entry element Desarrollo económico y social
9 (RLIN) 17809
Geographic subdivision América Latina
651 #2 - SUBJECT ADDED ENTRY--GEOGRAPHIC NAME
Geographic name América Latina
General subdivision Política económica
9 (RLIN) 36232
651 #2 - SUBJECT ADDED ENTRY--GEOGRAPHIC NAME
Geographic name América Latina
General subdivision Política social
9 (RLIN) 7494
942 ## - ADDED ENTRY ELEMENTS (KOHA)
Source of classification or shelving scheme Dewey Decimal Classification
Koha item type Books
Existencias
Withdrawn status Lost status Source of classification or shelving scheme Damaged status Not for loan Collection code Home library Current library Date acquired Source of acquisition Full call number Barcode Date last seen Copy number Koha item type
    Dewey Decimal Classification     Non-fiction Biblioteca Pública José María del Castillo y Rada Biblioteca Pública José María del Castillo y Rada 04/15/2018 Donación 338.9 / C733e 430005101 05/16/2024 Ej.1 Books